header

Neural tube defects (Record no. 5118)

MARC details
000 -LEADER
fixed length control field 01167nam a2200289Ia 4500
245 00 - TITLE STATEMENT
Title Neural tube defects
260 ## - PUBLICATION, DISTRIBUTION, ETC. (IMPRINT)
Place of publication Hauppauge, NY :
Name of publisher Nova Science Publishers, Inc.,
Year of publication c2013.
300 ## - PHYSICAL DESCRIPTION
Number of Pages xiii, 154 p. :
Other physical details ill.
650 #0 - SUBJECT ADDED ENTRY--TOPICAL TERM
Topical Term Neural tube
Topical Term Infants (Newborn)
700 1# - ADDED ENTRY--PERSONAL NAME
Personal name Klein, Alberich.
856 40 - ELECTRONIC LOCATION AND ACCESS
Uniform Resource Identifier http://site.ebrary.com/lib/rucke/Doc?id=10704269

No items available.

© 2026 Rongo University
Contact us: librarian | system librarian | Rongo university